000 00590nam a2200217Ii 4500
003 JO-AjNU
008 230605s9999||||xx |||||||||||||| ||und||
017 _a1993/813
020 _a977-271-059-5
040 _aJO-AjNU
_bara
_erda
_cJO-AjNU
041 _aara
050 1 4 _aQC21.2 1993
100 3 _aمنصور ، عاطف,
_eauthor
_910746
245 0 0 _aفي الفيزياءج3
264 3 1 _aد.م:د.ن ، 1993
300 _a191ص
336 _atext
_btxt
_2rdacontent
337 _aunmediated
_bn
_2rdamedia
338 _avolume
_bnc
_2rdacarrier
650 4 _aالفيزياء
_910747
999 _aA1964
_c5532
_d5532